<?xml version="1.0" encoding="UTF-8"?>
<marc:record xmlns:marc="http://www.loc.gov/MARC21/slim">
   <marc:leader>00000nam a2200000 a 4500</marc:leader>
   <marc:datafield ind1="1" ind2=" " tag="100">
      <marc:subfield code="a">Ferber, Marlies</marc:subfield>
      <marc:subfield code="4">aut</marc:subfield>
      <marc:subfield code="e">Verfasser/-in</marc:subfield>
   </marc:datafield>
   <marc:datafield ind1="0" ind2="0" tag="245">
      <marc:subfield code="a">Null-Null-Siebzig - Operation Eaglehurst</marc:subfield>
   </marc:datafield>
   <marc:datafield ind1="0" ind2="0" tag="245">
      <marc:subfield code="b">Kriminalroman</marc:subfield>
   </marc:datafield>
   <marc:datafield ind1="0" ind2="0" tag="245">
      <marc:subfield code="c">Marlies Ferber</marc:subfield>
   </marc:datafield>
   <marc:datafield ind1=" " ind2="1" tag="264">
      <marc:subfield code="a">München</marc:subfield>
      <marc:subfield code="b">Dt. Taschenbuch-Verl.</marc:subfield>
      <marc:subfield code="c">2012</marc:subfield>
   </marc:datafield>
   <marc:datafield ind1="1" ind2=" " tag="490">
      <marc:subfield code="a">dtv</marc:subfield>
      <marc:subfield code="v">21345</marc:subfield>
   </marc:datafield>
   <marc:datafield ind1=" " ind2=" " tag="250">
      <marc:subfield code="a">Orig.-Ausg.</marc:subfield>
   </marc:datafield>
   <marc:datafield ind1="1" ind2=" " tag="520">
      <marc:subfield code="a">Angaben aus der Verlagsmeldung

Null-Null-Siebzig Operation Eaglehurst : Kriminalroman Ferber,Null-Null-Siebzig / von Marlies Ferber

&amp;raquo;Es war nicht seine Entscheidung gewesen, hierherzukommen. Nach Eaglehurst im Allgemeinen und in das Zimmer Nummer 214 im Besonderen. Das hatte William f&amp;uuml;r ihn entschieden, und jetzt lag es an ihm, die bevorstehende Aufgabe zu l&amp;ouml;sen.&amp;laquo;
Ex-Agent James Gerald (70) zieht vor&amp;uuml;bergehend in das Seniorenheim Eaglehurst in Hastings, um den Tod seines Freundes und Kollegen William Morat aufzukl&amp;auml;ren. Kurz nach James&amp;lsquo; Ankunft kommen zwei weitere Heimbewohner zu Tode. Bald kommt er mit Hilfe seiner fr&amp;uuml;heren Kollegin Sheila Humphrey einem dunklen Geheimnis auf die Spur ...
</marc:subfield>
   </marc:datafield>
   <marc:datafield ind1=" " ind2=" " tag="020">
      <marc:subfield code="a">9783423213455</marc:subfield>
      <marc:subfield code="9">9783423213455</marc:subfield>
   </marc:datafield>
   <marc:datafield ind1=" " ind2=" " tag="041">
      <marc:subfield code="a">ger</marc:subfield>
   </marc:datafield>
   <marc:datafield ind1=" " ind2=" " tag="300">
      <marc:subfield code="a">270 S.</marc:subfield>
   </marc:datafield>
</marc:record>
